| 000 | 00349nam a2200133Ia 4500 | ||
|---|---|---|---|
| 008 | 240624s9999 xx 000 0 und d | ||
| 041 | _aeng | ||
| 082 | _a658.421 LAN | ||
| 100 | _aLANE RANDALL | ||
| 245 | _aYOU ONLY HAVE TO BE RIGHT ONCE THE RISE | ||
| 260 |
_c2016 _aNew York _bPortfolio Penguin |
||
| 300 | _axii, 208 p.; 23 cm. | ||
| 365 |
_c _b35 |
||
| 999 |
_c31646 _d31646 |
||